El parámetro de control de convencionalidad, la cosa interpretada y el valor de los estándares de la Corte Interamericana de Derechos Humanos

Saved in:
Bibliografiske detaljer
Hovedforfatter: Nogueira Alcalá, Humberto (coordinador)
Institution som forfatter: Universidad de Talca. Centro de Estudios Constitucionales de Chile
Andre forfattere: Aguilar Cavallo, Gonzalo Javier (coordinador)
Format: Bog
Sprog:spansk
Udgivet: Santiago Editorial Triángulo 2017
Udgivelse:1a. ed
Fag:
Tags: Tilføj Tag
Ingen Tags, Vær først til at tagge denne postø!

MARC

LEADER 00000cam a2200000 a 4500
001 UCC0420
003 CL-VaPUC
005 20230605141253.0
008 170811e20170100cl |||||||||||||||||spa|d
999 |c 369263  |d 369261 
020 |a 9789569539039 
040 |c Pontificia Universidad Católica de Valparaíso 
082 0 4 |a 341.48 NOG 2017  |2 21 
100 |a Nogueira Alcalá, Humberto  |e coordinador  |9 876108 
245 1 3 |a El parámetro de control de convencionalidad, la cosa interpretada y el valor de los estándares de la Corte Interamericana de Derechos Humanos 
250 |a 1a. ed 
260 |a Santiago  |b Editorial Triángulo  |c 2017 
300 |a 406 p 
583 |a last modification  |c 20170811 15:21:00  |k Rodrigo Vera 
600 0 |a Corte Interamericana de derechos humanos  |2 CL-VaPUC  |9 401498 
650 0 |a Derechos humanos  |9 223025  |x Convenios internacionales 
700 |a Aguilar Cavallo, Gonzalo Javier  |e coordinador  |9 876054 
710 2 |a Universidad de Talca.   |b Centro de Estudios Constitucionales de Chile  |9 863440 
942 |c BK  |2 ddc 
945 |d 20170811 15:21:00  |a arojas 
952 |0 0  |1 0  |2 ddc  |3 erb  |4 0  |6 341_480000000000000_NOG_2017  |7 0  |8 A  |9 484905  |a BIBDER  |b BIBDER  |i 5413273  |l 1  |o 341.48 NOG 2017  |p 5413273  |r 2023-01-25  |s 2021-09-07  |w 2019-11-24  |y BK  |z Catalogado en:20170811  |k DER